A magyar ifjúság a nyolcvanas években
Elmentve itt :
| Testületi szerző: | |
|---|---|
| További közreműködők: | |
| Adatforrás: | Philobibl |
| Dokumentumtípus: | Könyv |
| Nyelv: | magyar |
| Megjelent: |
[Budapest]
Kossuth
1984
|
| LEADER | 00505cam a2200133 cr4500 | ||
|---|---|---|---|
| 001 | bibPHI0039445 | ||
| 005 | 20200924124156.5 | ||
| 008 | 940510t1984 hu 000 0 hun d | ||
| 245 | 0 | 2 | |a A magyar ifjúság a nyolcvanas években |c [közr. az] MSZMP KB Társadalomtudományi Intézete |
| 260 | |a [Budapest] |b Kossuth |c 1984 | ||
| 300 | |a 263 p. | ||
| 505 | 0 | |g p.61-67., |t Az értékek változása |r Ancsel Éva | |
| 700 | 1 | |a Ancsel Éva | |
| 710 | 2 | |a Magyar Szocialista Munkáspárt |a Társadalomtudományi Intézet (Budapest) |4 közread. | |